MARC details
| 000 -LEADER |
| fixed length control field |
02590cam a2200397 i 4500 |
| 001 - CONTROL NUMBER |
| control field |
22478983 |
| 003 - CONTROL NUMBER IDENTIFIER |
| control field |
GBCCL |
| 005 - DATE AND TIME OF LATEST TRANSACTION |
| control field |
20241126110720.0 |
| 008 - FIXED-LENGTH DATA ELEMENTS--GENERAL INFORMATION |
| fixed length control field |
220325s2018 miua b 001 0 eng d |
| 010 ## - |
| -- |
2021278404 |
| 020 ## - INTERNATIONAL STANDARD BOOK NUMBER |
| International Standard Book Number |
9780825444449 |
| 020 ## - INTERNATIONAL STANDARD BOOK NUMBER |
| International Standard Book Number |
0825444446 |
| 035 ## - SYSTEM CONTROL NUMBER |
| System control number |
(OCoLC)on1035061663 |
| 040 ## - CATALOGING SOURCE |
| Original cataloging agency |
YDX |
| Language of cataloging |
eng |
| Transcribing agency |
YDX |
| Modifying agency |
DTM |
| -- |
BDX |
| -- |
OCLCF |
| -- |
DTM |
| -- |
CDC |
| -- |
DTM |
| -- |
OCLCO |
| -- |
OCLCQ |
| -- |
DLC |
| 042 ## - |
| -- |
lccopycat |
| 050 00 - |
| -- |
BV1471.3 |
| -- |
.I58 2018 |
| 082 ## - DEWEY DECIMAL CLASSIFICATION NUMBER |
| Classification number |
268 |
| Item number |
INV |
| 245 00 - TITLE STATEMENT |
| Title |
Invitation to educational ministry : |
| Remainder of title |
foundations of transformative Christian education / |
| Statement of responsibility, etc. |
George M. Hillman Jr., Sue G. Edwards, editors. |
| 264 #1 - PRODUCTION, PUBLICATION, DISTRIBUTION, MANUFACTURE, AND COPYRIGHT NOTICE |
| Place of production, publication, distribution, manufacture |
Grand Rapids, MI : |
| Name of producer, publisher, distributor, manufacturer |
Kregel Academic, |
| Date of production, publication, distribution, manufacture, or copyright notice |
[2018] |
| 264 #4 - PRODUCTION, PUBLICATION, DISTRIBUTION, MANUFACTURE, AND COPYRIGHT NOTICE |
| Date of production, publication, distribution, manufacture, or copyright notice |
©2018 |
| 300 ## - PHYSICAL DESCRIPTION |
| Extent |
524 pages : |
| Other physical details |
illustrations ; |
| Dimensions |
25 cm |
| 336 ## - CONTENT TYPE |
| Content type term |
text |
| Content type code |
txt |
| Source |
rdacontent |
| 337 ## - MEDIA TYPE |
| Media type term |
unmediated |
| Media type code |
n |
| Source |
rdamedia |
| 338 ## - CARRIER TYPE |
| Carrier type term |
volume |
| Carrier type code |
nc |
| Source |
rdacarrier |
| 490 1# - SERIES STATEMENT |
| Series statement |
Invitation to theological studies series |
| 504 ## - BIBLIOGRAPHY, ETC. NOTE |
| Bibliography, etc. note |
Includes bibliographical references and indexes. |
| 505 00 - FORMATTED CONTENTS NOTE |
| Title |
What makes a great teacher? / |
| Statement of responsibility |
Bill Hendricks -- |
| Title |
A philosophy of Christian education / |
| Statement of responsibility |
Michael S. Lawson -- |
| Title |
The heart of making disciples / |
| Statement of responsibility |
Mark Heinemann -- |
| Title |
The influence of technology on educational ministry / |
| Statement of responsibility |
John Dyer -- |
| Title |
Formative: preschool and children / |
| Statement of responsibility |
Jerry Lawrence -- |
| Title |
In between: adolescents / |
| Statement of responsibility |
Jay Sedwick -- |
| Title |
Overwhelmed: adults / |
| Statement of responsibility |
Sue Edwards -- |
| Title |
Stressed: men / |
| Statement of responsibility |
Paul Pettit -- |
| Title |
Undervalued: women / |
| Statement of responsibility |
Sue Edwards -- |
| Title |
Under attack: families and marriages / |
| Statement of responsibility |
Michael S. Lawson -- |
| Title |
Invisible: single adults / |
| Statement of responsibility |
Joye Baker -- |
| Title |
Forgotten: senior adults / |
| Statement of responsibility |
Sabrina Hopson -- |
| Title |
Overlooked: the disabled / |
| Statement of responsibility |
Mike Justice -- |
| Title |
Curious: not yet Christians / |
| Statement of responsibility |
A.J. Rinaldi -- |
| Title |
Facilitating transformative small groups / |
| Statement of responsibility |
Joe Baker -- |
| Title |
Creativity in Educational ministry / |
| Statement of responsibility |
Karen Giesen -- |
| Title |
Mentoring the next generation / |
| Statement of responsibility |
Barbara Neumann -- |
| Title |
Utilizing retreats, camping, and outdoor ministries / |
| Statement of responsibility |
Dan Bolin -- |
| Title |
Administering a healthy educational ministry / |
| Statement of responsibility |
Jim Thames -- |
| Title |
Educational ministry in the smaller church / |
| Statement of responsibility |
Lin Mclaughlin -- |
| Title |
Putting it all together: the educational cycle / |
| Statement of responsibility |
Goerge M. Hillman, Jr. |
| 650 #0 - SUBJECT ADDED ENTRY--TOPICAL TERM |
| Topical term or geographic name entry element |
Christian education. |
| 9 (RLIN) |
3220 |
| 650 #7 - SUBJECT ADDED ENTRY--TOPICAL TERM |
| Topical term or geographic name entry element |
Christian education. |
| Source of heading or term |
fast |
| Authority record control number or standard number |
(OCoLC)fst00859019 |
| 9 (RLIN) |
3220 |
| 700 1# - ADDED ENTRY--PERSONAL NAME |
| Personal name |
Hillman, George M., |
| Relator term |
editor. |
| 9 (RLIN) |
17113 |
| 700 1# - ADDED ENTRY--PERSONAL NAME |
| Personal name |
Edwards, Sue, |
| Dates associated with a name |
1947- |
| Relator term |
editor. |
| 9 (RLIN) |
17114 |
| 830 #0 - |
| -- |
Invitation to Theological Studies. |
| -- |
17115 |
| 906 ## - LOCAL DATA ELEMENT F, LDF (RLIN) |
| a |
7 |
| b |
cbc |
| c |
copycat |
| d |
2 |
| e |
ncip |
| f |
20 |
| g |
y-gencatlg |
| 942 ## - ADDED ENTRY ELEMENTS (KOHA) |
| Source of classification or shelving scheme |
Dewey Decimal Classification |
| Koha item type |
Books |
| Koha issues (borrowed), all copies |
10 |